Most Elevated Cities in the World A-Z - Statistics

General Stats
  • This quiz has been taken 48 times
  • The average score is 15 of 25
Answer Stats
Letter Elevation Region Answer % Correct
B 2,640m South America Bogota
100%
D 1,608m North America Denver
90%
L 3,640m South America La Paz
88%
Q 2,850m South America Quito
88%
A 2,355m Africa Addis Ababa
83%
J 1,753m Africa Johannesburg
83%
N 1,795m Africa Nairobi
83%
M 2,240m North America Mexico City
78%
G 1,566m North America Guadalajara
75%
W 78m Europe Warsaw
73%
H 1,490m Africa Harare
70%
S 2,250m Middle East Sana'a
70%
I 1,574m Middle East Isfahan
68%
F 186m South Asia Faisalabad
65%
K 1,892m East Asia Kunming
63%
U 1,350m East Asia Ulaanbaatar
60%
P 2,135m North America Puebla
58%
O 305m Africa Ouagadougou
55%
V 520m South America Valencia
50%
T 2,660m North America Toluca
43%
X 2,275m East Asia Xining
23%
C 1,137m North America Ciudad Juárez
20%
Y 1,100m East Asia Yinchuan
20%
R 651m South Asia Ranchi
15%
Z 867m East Asia Zunyi
0%
No matching quizzes found
Score Distribution
Percent of People with Each Score
Percentile by Number Answered
Your Score History
You have not taken this quiz